02222nam a2200301 a 4500001001000000003000900010005001700019008004100036020001800077040002500095082001800120100001900138245014100157260003600298300002800334490001100362500005700373500007300430504003000503505117300533650003801706650002301744650001301767650001301780650002301793700004101816710006301857000003532DO-SdBNP20250410091719.0090710s2007 dr a r 001 0 spa d a9789945421279 aDO-SdBNPbspacBNPHU 4a374.01bL961m1 aLuna, Josefina10aGuía para madres y padres de hoy :bni mucho ... ni poco. Buscando el balance /cJosefina Luna ; prólogo, Félix López Sánchez. aSanto Domingo :bCONANI,c2007. a155 p. :bil. ;c24 cm.0 aCONANI aIncluye datos biográficos del autor en las solapas aIncluye referencias bibliográficas y notas al pie de las páginas aBibliografia : p. 151-1550 aPrólogo -- Introducción -- Capítulo 1. En los primeros años -- Capítulo 2. Las familias rotas. La experiencia del divorcio -- Capítulo 3. Familias mal tratantes. El maltrato infantil, sus causas -- Capítulo 4. La familia frente a los medios de comunicación -- Capítulo 5. La sociedad y la familia frente a la homosexualidad -- Capítulo 6. Contar nuestras propias historias nos libera -- Capítulo 7. "Te maltrato porque te amo" o el sin sentido de los noviazgos violentos -- Capítulo 8. Niñez, marketing y publicidad -- Capítulo 9. Mami, papi... comprámelo. El consumismo envuelve a los niños -- Capítulo 10. "Mi papá solo me dice que me proteja". Los y las adolescentes hablan -- Capítulo 11. Voy a ser abuela. Las consecuencias del embarazo en la adolescencia -- Capítulo 12. Juegos y los juguetes -- Capítulo 13. Crónica de una pela anunciada. Algunas verdades sobre el castigo físico -- Capítulo 14. Guerra e infancia no combinan -- Capítulo 15. Invertir en la infancia y la adolescencia. La forma más efectiva de evitar la delicuencia -- Capítulo 16. Educación sexual. Asignatura pendiente -- Bibliografía. 4aEducación para la vida familiar 4aViolencia infantil 0aFamilias 0aDivorcio 4aEducación sexual1 aLópez Sánchez, Félix,epról.2 aConsejo Nacional para la Niñez (República Dominicana )